000 004220000a22001690004500
041 0 _aSPA
082 0 4 _aG 261.55 M8751b
100 1 _aMorris, Enrique M.
245 1 0 _aLa biblia y la ciencia moderna / Enrique M. Morris
260 _a[S.L] : Moody
300 _a127 Pag
001 6833
942 _cBK
999 _c37089
_d37089
336 _atexto
_btxt
_2rdacontent
337 _2rdamedia
_asin mediación
_bn
338 _2rdacarrier
_avolumen
_bnc